000 00705nam a22002297a 4500
999 _c10967
_d10967
003 AR-CdUCM
008 190402b ||||| |||| 00| 0 spa d
040 _aMUNICIPALIDAD PROVINCIAL DEL CUSCO
_cBIBLIOTECA MUNICIPAL DEL CUSCO
082 _aC / 869.56 /
_bP12
100 _aPachá, Mijahíl S.
_928057
245 _aLeyendas del Willkamayu :
_bCuentos de ambiente Andino e Incaico /
260 _aCusco :
_bLa Nacional,
_c1942.
300 _a64 páginas ;
_c18 cm.
500 _aDedicatoria a Luis Nieto.
505 _aContenido: Cuentos.
650 _aCuentos
_9217
650 _aLiteratura Peruana
_9132
650 _aCusco
_9772
650 _aSiglo XX
_98
942 _2ddc
_cLIBROS
945 _aachl